[Event "Corus B"]
[Site "Wijk aan Zee NED"]
[Date "2006.01.24"]
[Round "9"]
[White "Smeets, J."]
[Black "Jobava, Ba"]
[Result "0-1"]
[WhiteElo "2550"]
[BlackElo "2614"]
[PlyCount "98"]
[EventDate "2006.01.14"]

1. e4 c5 2. Nf3 d6 3. d4 cxd4 4. Nxd4 Nf6 5. Nc3 a6 6. Be3 Ng4 7. Bg5 Nc6 8. h3
Qa5 9. Bh4 Nf6 10. Nb3 Qc7 11. Qd2 e6 12. g4 b5 13. g5 Nd7 14. O-O-O Nce5 15.
Bg3 Bb7 16. f4 b4 17. Na4 Bxe4 18. fxe5 Bxh1 19. exd6 Qa7 20. Bf2 Qb8 21. Nbc5
Ra7 22. Nxa6 Rxa6 23. Bxa6 Bf3 24. Be2 Bxe2 25. Qxe2 Bxd6 26. Qd3 Ke7 27. Bg3
e5 28. b3 Qc7 29. Bf2 Rc8 30. Nb2 Bc5 31. Bg3 Nb6 32. Kb1 Bd4 33. Be1 Qc5 34.
Qxh7 g6 35. Rc1 Nd5 36. Na4 Qb5 37. Qh4 Be3 38. Qg4 Qc6 39. Qe4 Bxc1 40. Kxc1
Ke6 41. Bf2 Nc3 42. Qg4+ f5 43. gxf6+ Kxf6 44. Qh4+ Kg7 45. Nc5 Rc7 46. Qg5 Qd6
47. Nd3 Rf7 48. Bc5 Rf1+ 49. Kd2 Rd1+ 0-1

[Event "Corus B"]
[Site "Wijk aan Zee NED"]
[Date "2006.01.24"]
[Round "9"]
[White "Cheparinov, I."]
[Black "Naiditsch, A."]
[Result "1-0"]
[WhiteElo "2625"]
[BlackElo "2657"]
[PlyCount "57"]
[EventDate "2006.01.14"]

1. e4 e5 2. Nf3 Nc6 3. Bb5 Nf6 4. O-O Nxe4 5. d4 Nd6 6. Bxc6 dxc6 7. dxe5 Nf5
8. Qxd8+ Kxd8 9. Nc3 Ne7 10. h3 h6 11. Bf4 Bd7 12. Rad1 Kc8 13. Rd2 Be6 14. Nd4
Bc4 15. Rfd1 Ng6 16. Bg3 Bb4 17. Nf5 Bxc3 18. bxc3 Bxa2 19. Nxg7 b5 20. Rd7 Nf8
21. Rd8+ Kb7 22. Rxa8 Kxa8 23. Rd8+ Kb7 24. f4 Rh7 25. Ne8 Bd5 26. f5 a5 27.
Bf2 Rh8 28. Nf6 b4 29. cxb4 1-0

[Event "Corus B"]
[Site "Wijk aan Zee NED"]
[Date "2006.01.24"]
[Round "9"]
[White "Carlsen, M."]
[Black "Koneru, H."]
[Result "1/2-1/2"]
[WhiteElo "2625"]
[BlackElo "2537"]
[PlyCount "109"]
[EventDate "2006.01.14"]

1. e4 e5 2. Nf3 Nf6 3. Nxe5 d6 4. Nf3 Nxe4 5. d4 d5 6. Bd3 Nc6 7. O-O Be7 8. c4
Nb4 9. Be2 O-O 10. a3 Nc6 11. cxd5 Qxd5 12. Nc3 Nxc3 13. bxc3 Bf5 14. Re1 Bf6
15. Bf4 Rac8 16. Nd2 Rfe8 17. Bf3 Rxe1+ 18. Qxe1 Qd7 19. Ne4 Be7 20. Qe2 Bxe4
21. Qxe4 Bd6 22. Be3 Re8 23. Qd5 Nd8 24. g3 c6 25. Qa5 b6 26. Qa4 Re7 27. c4 c5
28. Qxd7 Rxd7 29. Bg4 Rc7 30. d5 Nb7 31. Bd2 Kf8 32. Be2 Be5 33. Rb1 Ke7 34.
Bd3 Kd6 35. Kg2 Re7 36. g4 h6 37. h4 Kc7 38. f4 Bd4 39. Kf3 Nd6 40. h5 Re8 41.
a4 a5 42. Rh1 Kd7 43. g5 f5 44. Rh2 Rh8 45. Rh3 Kc7 46. Rh1 Kd7 47. Rh2 Ba1 48.
Re2 Re8 49. Rg2 Rh8 50. Re2 Re8 51. Be3 Rh8 52. Ra2 Bc3 53. Rc2 Bd4 54. Rh2 Re8
55. Bd2 1/2-1/2